| 000 | 01544cab a22002295a 4500 | ||
|---|---|---|---|
| 001 | L151326 | ||
| 008 | 101021e20100225xxk 000 0 eng d | ||
| 035 | _a(Sirsi) u151326 | ||
| 041 | 0 | _aeng | |
| 245 | 0 | 0 | _aStandard Life Investments Property Holdings Limited v W & J Linney Limited |
| 260 | _c2010 | ||
| 520 | _a[2010] EWHC 480 (Ch), 25th February 2010. Highlights the failure to properly exercise rights to terminate commercial leases, wherein the common law provides that a notice to quit must be given to the immediate landlord. Considers whether the defendant L had given notice to operate a break clause in a lease to the correct landlord, Capita or the plaintiff S to whom Capita had granted an overriding lease effectively making S L's landlord. Held: L sent a break notice to Capita which it thought was its landlord whereas S was the overriding landlord. Judgment against L as it had served its break on the wrong landlord. | ||
| 590 | _aKA | ||
| 650 | 2 | 4 | _aSTANDARD LIFE INVESTMENTS PROPERTY HOLDINGS LTD V W & J LINNEY LTD |
| 650 | 2 | 4 | _aBASS HOLDINGS LTD V MORTON MUSIC LTD |
| 650 | 2 | 4 | _aNORWICH UNION LIFE & PENSIONS V LINPAC MOULDINGS LTD |
| 650 | 2 | 4 | _aMORRIS, R (ON THE APPLICATION OF) LONDON RENT ASSESSMENT COMMITTEE |
| 651 | 4 |
_aEngland and Wales _y1543- |
|
| 690 | _aPROPERTY-COMMERCIAL PROPERTY-LEASEHOLD COMMERCIAL PROPERTY-COMMERCIAL LANDLORD AND TENANT-COMMERCIAL LEASES | ||
| 856 | 4 | 0 |
_uhttps://www.bailii.org/ew/cases/EWHC/Ch/2010/480.html _zView the law report free of charge at www.bailii.org |
| 942 | _n0 | ||
| 999 |
_c82771 _d82771 |
||